|
|
|
|
| LEADER |
00000cam a2200000 a 4500 |
| 001 |
vtls009780309 |
| 003 |
SK-MaSNL |
| 005 |
20260301082535.0 |
| 008 |
251029s1978 xr a grn 000 0 slo |
| 035 |
|
|
|a (SVKBBclas03)vtls000156276
|
| 040 |
|
|
|a SNK
|b slo
|c SNK
|e AACR2
|
| 041 |
0 |
|
|a slo
|a cze
|
| 044 |
|
|
|a xr
|c CZ
|
| 080 |
|
|
|a 621.67:676
|2 1981
|
| 100 |
1 |
|
|a Svoboda, Ivan,
|d narodený 1924
|4 aut
|9 203856
|
| 245 |
1 |
0 |
|a Odstredivé čerpadlá v papierenskom priemysle
|c Ivan Svoboda
|
| 250 |
|
|
|a 1. vyd.
|
| 260 |
|
|
|a Praha
|b Státní nakladatelství technické literatury
|c 1978
|
| 300 |
|
|
|a 47 s.
|b sch.
|c 29 cm
|
| 366 |
|
|
|e 910 výt.
|
| 490 |
1 |
|
|a Malá papírenská knižnice interních publ. Průmyslu papíru a celulózy v Praze
|v č. 27
|
| 504 |
|
|
|a Bibliogr. odkazy
|
| 521 |
|
|
|a Nepredajné
|
| 546 |
|
|
|a Text aj v češ.
|
| 650 |
0 |
7 |
|a papierenský priemysel
|2 SNKPH
|9 58727
|
| 650 |
0 |
7 |
|a čerpadlá
|2 SNKPH
|9 21104
|
| 655 |
|
7 |
|a príručky
|2 SNKPH
|9 74364
|
| 830 |
|
0 |
|a Malá papírenská knižnice interních publ. Průmyslu papíru a celulózy v Praze
|9 407658
|
| 958 |
|
|
|a OND
|
| 999 |
|
|
|c 658792
|d 660722
|
| 952 |
|
|
|a SNK
|b SNK
|y PREZ
|7 0
|p 17A0967559
|o snkSB 26491
|i snkKIP 4234/78
|0 0
|1 0
|4 0
|d 2014-07-03
|f 1
|l 0
|r 2026-02-23 18:45:49
|w 2026-02-23
|
| 952 |
|
|
|a SNK
|b SNK
|y VYP
|7 0
|o snkSB 26491 D1
|i snkKIP 4235/78
|0 0
|1 0
|4 0
|d 2014-07-03
|l 0
|r 2026-02-23 18:45:49
|w 2026-02-23
|